00535nam a22001697a 450000500170000001000170001702000270003403500170006103700210007808200120009910000300011124500930014126000380023427000550027230000250032750000130035220180413114914.0 aB-690906-907 c1495.00a9788191064841 aB-690906-907 bUniversal Voice  a954.552 aCunningham, Joseph Davey  aA history of the sikhs :cby Joseph Davey Cunninghambfrom origin to battles of sutlej / aDelhibPanchamPublications c2011 aC-33, Ground floor, kondli Colony, bDelhie110096 axxx,351p. c24cm(Hb) aBalidani